Democracy: Parliamentary or Presidential? (Record no. 488414)

000 -LEADER
fixed length control field 00432cam a22001217a 4500
008 - FIXED-LENGTH DATA ELEMENTS--GENERAL INFORMATION
fixed length control field 180718b1981 xxu||||| |||| 00| 0 eng d
082 ## - DEWEY DECIMAL CLASSIFICATION NUMBER
Classification number B53 M278
100 ## - MAIN ENTRY--PERSONAL NAME
Personal name Antulay, A.R.
245 ## - TITLE STATEMENT
Title Democracy: Parliamentary or Presidential?
Statement of responsibility, etc. by A.R. Antulay
260 ## - PUBLICATION, DISTRIBUTION, ETC.
Place of publication, distribution, etc. Bombay
Name of publisher, distributor, etc. Directorate General of Informaiton and Public Relations
Date of publication, distribution, etc. 1981
300 ## - PHYSICAL DESCRIPTION
Extent 145p.
700 ## - ADDED ENTRY--PERSONAL NAME
Personal name Maharashtra. Directorate General of Information and Public Relations
Holdings
Withdrawn status Lost status Damaged status Not for loan Permanent Location Current Location Date acquired Full call number Barcode Date last seen Price effective from Koha item type
        Indian Institute of Public Administration Indian Institute of Public Administration 2018-08-04 B53 M278 GG18681 2018-08-04 2018-08-04 GG

Powered by Koha